Normal view
MARC view
- تصنيف البغدادي،جمال الدين أبي الفرج عبد الرحمن بن الجوزي القرشي
Entry Personal Name
001 - CONTROL NUMBER
- control field: 23054
003 - CONTROL NUMBER IDENTIFIER
- control field: JO-AjAnu
005 - DATE AND TIME OF LATEST TRANSACTION
- control field: 20230606073953.0
008 - FIXED-LENGTH DATA ELEMENTS
- fixed length control field: 230606|| aca||aabn | a|a d
040 ## - CATALOGING SOURCE
- Original cataloging agency: JO-AjAnu
- Transcribing agency: JO-AjAnu
100 ## - HEADING--PERSONAL NAME
- Personal name: تصنيف البغدادي،جمال الدين أبي الفرج عبد الرحمن بن الجوزي القرشي
670 ## - SOURCE DATA FOUND
- Source citation: Work cat.: (JO-AjAnu)11848: تصنيف البغدادي،جمال الدين أبي الفرج عبد الرحمن بن الجوزي القرشي, author, أخبار الحمقى والمغفلين من الفقهاء والمفسرين والرواة والمحدثين والشعراء والمتأدبين والكتاب والمعلمين والتجار والمتسببين وطوائف تتصل للغفله بسبب متين